000 00941nam0a22002771 4500
001 rc\3614525
005 20260406120238.0
021 _aRU
_b[73-69022]
035 _a(NLR Aleph) 007714127
090 _a6879799
_c6879799
100 _a20130115d1973 |||y0rusy50 ca
101 0 _arus
102 _aRU
105 _ac z |||a|
200 1 _aЕвгений Онегин
_eРоман в стихах
_f[Предисл., с. 5-46 и примеч. С. Бонди]
210 _aБарнаул
_cАлт. кн. изд-во
_d1973
215 _a245 с.
_cпортр.
_d20
225 1 _aШкольная библиотека
700 1 _8rus
_7ca
_aПушкин
_bА. С.
_cпоэт
_f1799-1837
_gАлександр Сергеевич
_3RU\NLR\AUTH\77386
_9110441
702 1 _aБонди
_bС.
_4080
801 0 _aRU
_bNLR
_gpsbo
801 1 _aRU
_bELAR
_2rusmarc
852 _aNLR
_jПушкин/2-Е-14-142
942 _cBOOK
980 _aNB